Statistics for NBA: Top 50 Active Players: Three Point Percentage

Click here to take the quiz!

General Stats

  • This quiz has been taken 91 times
    (19 since last reset)
  • The average score is 20 of 50

Answer Stats

#Player3PT%% Correct
4Stephen Curry42.55%
100%
3Seth Curry43.08%
87%
44Keegan Murray38.44%
80%
12Buddy Hield40.02%
73%
35Kevin Durant38.70%
73%
7Klay Thompson41.28%
73%
6Desmond Bane41.51%
67%
29Jalen Brunson39.10%
67%
39Tyler Herro38.50%
67%
19Tyrese Maxey39.63%
67%
33Khris Middleton38.76%
60%
25Kyrie Irving39.33%
60%
1Luke Kennard43.86%
60%
9Michael Porter Jr.41.01%
60%
13Danny Green39.97%
53%
2Joe Harris43.59%
53%
30Kawhi Leonard39.09%
53%
43Paul George38.45%
53%
26Cameron Johnson39.23%
47%
15Duncan Robinson39.80%
47%
16Karl-Anthony Towns39.76%
47%
42Malik Beasley38.45%
47%
24Tyrese Haliburton39.33%
47%
14CJ McCollum39.94%
40%
8Grayson Allen41.19%
40%
34Mike Conley38.73%
40%
45Bogdan Bogdanović38.43%
33%
23Bojan Bogdanović39.44%
33%
36Anfernee Simons38.64%
27%
41Bobby Portis38.47%
27%
49Collin Sexton38.33%
27%
46Darius Garland38.40%
27%
27Trey Murphy III39.18%
27%
18Isaiah Joe39.68%
20%
11Joe Ingles40.99%
20%
28Monté Morris39.13%
20%
22Norman Powell39.44%
20%
37Patty Mills38.61%
20%
5Sam Hauser42.18%
20%
20Dāvis Bertāns39.62%
13%
48Jevon Carter38.33%
13%
50Alec Burks38.27%
7%
32Corey Kispert38.77%
7%
10Doug McDermott40.99%
7%
38Gary Trent Jr.38.55%
7%
17Georges Niang39.72%
7%
47Landry Shamet38.37%
7%
31Malcolm Brogdon39.07%
7%
21Payton Pritchard39.46%
7%
40Reggie Bullock38.49%
7%

Score Distribution

Percentile by Number Answered

Percent of People with Each Score

Your Score History

You have not taken this quiz since the last reset